Statistics for Countries by Total Caloric Intake... In Order!

Click here to take the quiz!

General Stats

  • This quiz has been taken 312 times
  • The average score is 12 of 20

Answer Stats

RankKCalories
(Billions)
Answer% Correct
31,255United States
97%
14,529China
95%
23,484India
92%
4795Indonesia
79%
5711Brazil
75%
6571Pakistan
68%
8485Russia
63%
10406Mexico
62%
7557Nigeria
62%
9423Bangladesh
58%
12341Japan
54%
15299Germany
53%
11342Egypt
52%
13314Turkey
49%
14300Philippines
45%
20238France
44%
18265Iran
44%
16298Vietnam
43%
19246Ethiopia
38%
17275DR Congo
37%

Score Distribution

Percentile by Number Answered

Percent of People with Each Score

Your Score History

You have not taken this quiz